[Event "POL-chT2"]
[Site "Augustow"]
[Date "1997.??.??"]
[Round "?"]
[White "Jakubowski, Maciej"]
[Black "Kurlenda, Adam"]
[Result "1-0"]
[WhiteElo "2000"]
[BlackElo "2205"]
[PlyCount "125"]
[EventDate "1997.??.??"]
[EventType "team"]
[EventRounds "9"]
[EventCountry "POL"]
[SourceTitle "EXT 2003"]
[Source "ChessBase"]
[SourceDate "2002.11.25"]
[SourceVersion "1"]
[SourceVersionDate "2002.11.25"]
[SourceQuality "1"]

1. d4 Nf6 2. c4 g6 3. Nc3 d5 4. Nf3 Bg7 5. Bg5 Ne4 6. cxd5 Nxg5 7. Nxg5 c6 8. e3 0-0 9. Nf3 cxd5 10. Be2 Nc6 11. 0-0 e6 12. Rc1 Qe7 13. a3 Bd7 14. b4 Rfc8 15. Qb3 Bf8 16. Na4 Be8 17. Rc2 Nd8 18. Rfc1 Rxc2 19. Rxc2 f6 20. Rc3 Nf7 21. g3 Nd6 22. Nd2 Rc8 23. Rxc8 Nxc8 24. Nc5 b6 25. Nd3 Nd6 26. Kg2 g5 27. Qc3 Nb5 28. Qc1 Qc7 29. Qxc7 Nxc7 30. Nb1 Ba4 31. Nc3 Bc2 32. Ne1 Bb3 33. Nf3 a5 34. bxa5 bxa5 35. Nb1 Bc2 36. Nfd2 Kf7 37. Kf1 Ke8 38. Ke1 Kd7 39. Bd1 Bf5 40. Be2 Kc6 41. Kd1 Kb6 42. Kc1 a4 43. Kb2 Nb5 44. Bxb5 Kxb5 45. Nc3+ Ka5 46. f3 Bg6 47. e4 dxe4 48. fxe4 Be8 49. Nc4+ Ka6 50. Ne3 Bd7 51. Ng4 Bg7 52. e5 fxe5 53. dxe5 Bc6 54. Nf6 h6 55. Ne2 Kb6 56. Nd4 Bd5 57. Kc3 Kb7 58. Kb4 Kc8 59. Kxa4 Kd8 60. Nxd5 exd5 61. Ne6+ Ke7 62. Nxg7 Kf7 63. Kb5 1-0

[Event "POL-chT2"]
[Site "Augustow"]
[Date "1997.??.??"]
[Round "?"]
[White "Kurlenda, Adam"]
[Black "Bilinskas, Raimundas"]
[Result "1/2-1/2"]
[WhiteElo "2205"]
[BlackElo "2235"]
[PlyCount "112"]
[EventDate "1997.??.??"]
[EventType "team"]
[EventRounds "9"]
[EventCountry "POL"]
[SourceTitle "EXT 2003"]
[Source "ChessBase"]
[SourceDate "2002.11.25"]
[SourceVersion "1"]
[SourceVersionDate "2002.11.25"]
[SourceQuality "1"]

1. e4 c5 2. b3 d6 3. Bb2 Nf6 4. Bb5+ Bd7 5. Bxd7+ Nbxd7 6. d3 g6 7. Nd2 Bg7 8. Ne2 0-0 9. 0-0 Qc7 10. a4 d5 11. f4 Ng4 12. Bxg7 Kxg7 13. Rf3 d4 14. Nf1 f5 15. h3 Ngf6 16. Neg3 e5 17. exf5 exf4 18. fxg6 fxg3 19. gxh7 Ne5 20. Rxg3+ Kxh7 21. Qd2 Nh5 22. Rg5 Nf4 23. Nh2 Rae8 24. Rf1 Neg6 25. Rf2 Qe7 26. Nf3 Nh4 27. Rg4 Nxf3+ 28. Rxf3 Qe1+ 29. Qxe1 Rxe1+ 30. Kf2 Nxd3+ 31. cxd3 Rxf3+ 32. gxf3 Rb1 33. f4 Rxb3 34. Rg3 b5 35. axb5 Rxb5 36. Kf3 c4 37. Ke4 c3 38. Rg1 c2 39. Rc1 Rc5 40. Kxd4 Rc7 41. Ke5 a5 42. d4 Kg7 43. Ke6 Rc6+ 44. Ke7 Rc7+ 45. Ke6 Rc6+ 46. Ke5 Kf7 47. d5 Rc4 48. d6 a4 49. Kd5 Rc3 50. Kd4 Rc6 51. d7 Ke7 52. Kd3 a3 53. Rxc2 Ra6 54. Ra2 Kxd7 55. f5 Ke7 56. Kc3 Kf6 1/2-1/2

[Event "POL-chT2"]
[Site "Augustow"]
[Date "1997.??.??"]
[Round "?"]
[White "Kurlenda, Adam"]
[Black "Dryzek, Tadeusz"]
[Result "1-0"]
[WhiteElo "2205"]
[BlackElo "2020"]
[PlyCount "40"]
[EventDate "1997.??.??"]
[EventType "team"]
[EventRounds "9"]
[EventCountry "POL"]
[SourceTitle "EXT 2003"]
[Source "ChessBase"]
[SourceDate "2002.11.25"]
[SourceVersion "1"]
[SourceVersionDate "2002.11.25"]
[SourceQuality "1"]

1. e4 c5 2. Nf3 d6 3. d4 cxd4 4. Nxd4 Nf6 5. Nc3 a6 6. Bc4 e6 7. a3 b5 8. Bb3 Bb7 9. 0-0 Be7 10. Bxe6 fxe6 11. Nxe6 Qd7 12. Nxg7+ Kd8 13. Nd5 Qg4 14. Nxe7 Qxg7 15. Nf5 Qc7 16. Nxd6 Ke7 17. e5 Ne4 18. Qg4 Nd7 19. Qg7+ Ke6 20. Qf7+ Kxe5 1-0

[Event "POL-chT2"]
[Site "Augustow"]
[Date "1997.??.??"]
[Round "?"]
[White "Kurlenda, Adam"]
[Black "Grzybowski, Eligiusz"]
[Result "1/2-1/2"]
[WhiteElo "2205"]
[BlackElo "2010"]
[PlyCount "100"]
[EventDate "1997.??.??"]
[EventType "team"]
[EventRounds "9"]
[EventCountry "POL"]
[SourceTitle "EXT 2003"]
[Source "ChessBase"]
[SourceDate "2002.11.25"]
[SourceVersion "1"]
[SourceVersionDate "2002.11.25"]
[SourceQuality "1"]

1. e4 c5 2. Nf3 d6 3. d4 cxd4 4. Nxd4 Nf6 5. Nc3 a6 6. Bc4 e6 7. a3 b5 8. Bb3 Be7 9. 0-0 0-0 10. Qf3 Bb7 11. Qg3 Nc6 12. Nxc6 Bxc6 13. Bh6 Ne8 14. f4 Kh8 15. Bg5 a5 16. Bxe7 Qxe7 17. Rae1 b4 18. axb4 axb4 19. Nd1 Nf6 20. Nf2 Qa7 21. Kh1 Qd4 22. Qd3 Qc5 23. Qf3 Rad8 24. f5 exf5 25. Qxf5 Qd4 26. e5 Nd5 27. Re4 Ne3 28. Rxd4 Bxg2+ 29. Kg1 Nxf5 30. Rfd1 Nxd4 31. Rxd4 Bc6 32. exd6 Rfe8 33. Nd3 Re4 34. Rxe4 Bxe4 35. Ne5 Bg6 36. d7 f6 37. Nxg6+ hxg6 38. Be6 g5 39. c4 bxc3 40. bxc3 g6 41. c4 Kg7 42. c5 Kf8 43. c6 Ke7 44. c7 Rxd7 45. c8Q Kxe6 46. Qe8+ Re7 47. Qxg6 Rd7 48. Kf2 Rd4 49. Ke3 Rf4 50. Qg7 Rh4 1/2-1/2

[Event "POL-chT2"]
[Site "Augustow"]
[Date "1997.??.??"]
[Round "?"]
[White "Pikulska, Agnieszka"]
[Black "Kurlenda, Adam"]
[Result "0-1"]
[WhiteElo "1870"]
[BlackElo "2205"]
[PlyCount "34"]
[EventDate "1997.??.??"]
[EventType "team"]
[EventRounds "9"]
[EventCountry "POL"]
[SourceTitle "EXT 2003"]
[Source "ChessBase"]
[SourceDate "2002.11.25"]
[SourceVersion "1"]
[SourceVersionDate "2002.11.25"]
[SourceQuality "1"]

1. e4 Nf6 2. e5 Nd5 3. d4 d6 4. c4 Nb6 5. f4 dxe5 6. fxe5 Nc6 7. Be3 Bf5 8. Nc3 e6 9. Qd2 Be7 10. Nf3 0-0 11. Bd3 Nb4 12. Bxf5 Nxc4 13. Qe2 Nxe3 14. Qxe3 exf5 15. Rc1 c5 16. 0-0 cxd4 17. Nxd4 Bg5 0-1

[Event "Plock op rapid"]
[Site "Plock"]
[Date "1994.??.??"]
[Round "3"]
[White "Isaev, Jamshed"]
[Black "Kurlenda, Adam"]
[Result "1-0"]
[WhiteElo "2380"]
[BlackElo "2225"]
[PlyCount "45"]
[EventDate "1994.??.??"]
[EventType "swiss"]
[EventRounds "9"]
[EventCountry "POL"]
[SourceTitle "EXT 1998"]
[Source "ChessBase"]
[SourceDate "1997.11.17"]
[SourceVersion "1"]
[SourceVersionDate "1997.11.17"]
[SourceQuality "1"]

1. Nf3 Nf6 2. c4 g6 3. Nc3 d5 4. cxd5 Nxd5 5. e4 Nxc3 6. dxc3 Qxd1+ 7. Kxd1 Bg7 8. Bf4 c6 9. h3 Nd7 10. Bc4 Nc5 11. Re1 Be6 12. Bxe6 Nxe6 13. Be3 0-0-0+ 14. Kc2 Kc7 15. a4 a6 16. a5 c5 17. Nd2 Kc6 18. Nc4 Nc7 19. Red1 Bf6 20. Nb6 e6 21. Bxc5 Kxc5 22. Nd7+ Rxd7 23. Rxd7 1-0

[Event "POL-chT 50th"]
[Site "Lubniewice"]
[Date "1994.??.??"]
[Round "9"]
[White "Kurlenda, Adam"]
[Black "Socko, Bartosz"]
[Result "0-1"]
[WhiteElo "2225"]
[BlackElo "2345"]
[PlyCount "50"]
[EventDate "1994.09.22"]
[EventType "team-tourn"]
[EventRounds "11"]
[EventCountry "POL"]
[SourceTitle "EXT 2019"]
[Source "ChessBase"]
[SourceDate "2018.10.10"]
[SourceVersion "1"]
[SourceVersionDate "2018.10.10"]
[SourceQuality "1"]
[WhiteTeam "Bydgoszcz Chemik"]
[BlackTeam "Warszawa Polonia"]
[WhiteTeamCountry "POL"]
[BlackTeamCountry "POL"]

1. e4 e5 2. Nf3 Nc6 3. Bb5 a6 4. Ba4 Nf6 5. 0-0 Be7 6. Re1 b5 7. Bb3 d6 8. c3 0-0 9. d4 Bg4 10. Be3 Re8 11. dxe5 Nxe5 12. Nbd2 Nd3 13. Rf1 Nxb2 14. Qc2 Nc4 15. Nxc4 bxc4 16. Bxc4 d5 17. Rad1 c6 18. exd5 cxd5 19. Be2 Qc7 20. h3 Bh5 21. Bd4 Ne4 22. g4 Bg6 23. Ne5 Nxf2 24. Qd2 Nxh3+ 25. Kh1 Bg5 0-1

[Event "Slupsk"]
[Site "Slupsk"]
[Date "1989.??.??"]
[Round "6"]
[White "Kurlenda, Adam"]
[Black "Pedzich, Dominik"]
[Result "1-0"]
[WhiteElo "2275"]
[BlackElo "2360"]
[PlyCount "77"]
[EventDate "1989.??.??"]
[EventType "tourn"]
[EventRounds "11"]
[EventCountry "POL"]
[EventCategory "3"]
[SourceTitle "EXT 1997"]
[Source "ChessBase"]
[SourceDate "1996.11.15"]
[SourceVersion "1"]
[SourceVersionDate "1996.11.15"]
[SourceQuality "1"]

1. e4 c5 2. Nf3 e6 3. d4 cxd4 4. Nxd4 Nf6 5. Nc3 d6 6. Bc4 Be7 7. Be3 0-0 8. Bb3 Na6 9. Qe2 Nc5 10. f3 Bd7 11. g4 Qa5 12. 0-0-0 Rfc8 13. g5 Ne8 14. Kb1 b5 15. Rdg1 b4 16. Nd1 Nxb3 17. cxb3 Rab8 18. Nf2 Bb5 19. Qd2 Rb6 20. Nxb5 Rxb5 21. h4 d5 22. h5 dxe4 23. Qd7 Qa6 24. Rc1 Nd6 25. Qxe7 Re8 26. Qd7 Rb7 27. Qc6 Qxc6 28. Rxc6 Nf5 29. Bc5 exf3 30. Rh3 Rd7 31. Rxf3 h6 32. gxh6 Nxh6 33. Bxb4 e5 34. Rd3 Rxd3 35. Nxd3 e4 36. Nf4 Nf5 37. Rc5 Nh4 38. Bc3 e3 39. Re5 1-0

[Event "Slupsk"]
[Site "Slupsk"]
[Date "1989.??.??"]
[Round "11"]
[White "Szymanski, Andrzej"]
[Black "Kurlenda, Adam"]
[Result "1-0"]
[WhiteElo "2295"]
[BlackElo "2275"]
[PlyCount "83"]
[EventDate "1989.??.??"]
[EventType "tourn"]
[EventRounds "11"]
[EventCountry "POL"]
[EventCategory "3"]
[SourceTitle "EXT 1997"]
[Source "ChessBase"]
[SourceDate "1996.11.15"]
[SourceVersion "1"]
[SourceVersionDate "1996.11.15"]
[SourceQuality "1"]

1. c4 Nf6 2. g3 c6 3. Bg2 d5 4. d4 g6 5. Nf3 Bg7 6. Nc3 0-0 7. cxd5 cxd5 8. Ne5 Nc6 9. Nxc6 bxc6 10. 0-0 e6 11. Bf4 Nd7 12. Na4 Qa5 13. Rc1 Ba6 14. b3 Rfc8 15. Bd6 c5 16. Nxc5 Nxc5 17. dxc5 Qxa2 18. Re1 Bb5 19. e4 dxe4 20. Rxe4 Bc6 21. Rb4 Qa5 22. Bxc6 Rxc6 23. Qf3 Qa6 24. Rf4 Rac8 25. Rd1 Qb7 26. b4 a6 27. h3 Rd8 28. Rxf7 Qxf7 29. Qxc6 e5 30. Qxa6 Qb3 31. Qd3 Qxb4 32. Qd5+ Kh8 33. c6 Qa4 34. c7 Re8 35. Rc1 Qd7 36. Qc6 Qxc6 37. Rxc6 Rc8 38. Rb6 Bf8 39. Bxe5+ Bg7 40. Rb8 Bxe5 41. Rxc8+ Kg7 42. Rd8 1-0